[Event "POL-chT 2nd League"]
[Site "Szczyrk"]
[Date "2014.09.14"]
[Round "9.47"]
[White "Dowgird, Filip"]
[Black "Dudys, Jakub"]
[Result "1/2-1/2"]
[WhiteElo "2172"]
[BlackElo "2144"]
[PlyCount "119"]
[EventDate "2014.09.06"]
[EventType "team-swiss"]
[EventRounds "9"]
[EventCountry "POL"]
[SourceTitle "EXT 2015"]
[Source "ChessBase"]
[SourceDate "2014.11.20"]
[SourceVersion "1"]
[SourceVersionDate "2014.11.20"]
[SourceQuality "1"]
[WhiteTeam "Wroclaw AZS Politechnika"]
[BlackTeam "Gliwice Politechnika Slaska"]
[WhiteTeamCountry "POL"]
[BlackTeamCountry "POL"]

1. e4 c5 2. g3 Nc6 3. Bg2 g6 4. Ne2 Bg7 5. 0-0 d6 6. c3 e5 7. d3 Nge7 8. a3 0-0 9. b4 a6 10. Be3 cxb4 11. axb4 Be6 12. Nd2 d5 13. Qb1 d4 14. cxd4 exd4 15. Bf4 Qb6 16. Bd6 Rfd8 17. Bc5 Qb5 18. Bxe7 Nxe7 19. Nf4 Nc6 20. Nxe6 fxe6 21. Qb3 Qxb4 22. Qxe6+ Kh8 23. Nf3 Re8 24. Qa2 Qe7 25. Rfb1 b5 26. h4 Nb4 27. Qb3 a5 28. Ng5 h6 29. Nf7+ Kh7 30. e5 Ra7 31. Nd6 Rb8 32. f4 Bf8 33. h5 gxh5 34. Be4+ Kh8 35. Kg2 Qg7 36. Nf5 Qg4 37. Rb2 a4 38. Qe6 Ra6 39. Qf7 Qg6 40. Qd7 a3 41. Rf2 a2 42. Nxd4 Qg7 43. Qf5 Bc5 44. Ne6 Rxe6 45. Qxe6 Bxf2 46. Kxf2 Rg8 47. Kf1 h4 48. g4 h3 49. g5 Rf8 50. Qxh6+ Qxh6 51. gxh6 Rxf4+ 52. Kg1 Rh4 53. h7 h2+ 54. Kh1 Kg7 55. Bf5 Rf4 56. Be6 Rf2 57. Bg8 Rb2 58. Bxa2 Nxa2 59. e6 Re2 60. e7 1/2-1/2

[Event "POL-chT 2nd League"]
[Site "Szczyrk"]
[Date "2014.09.06"]
[Round "1.53"]
[White "Jewulski, Krzysztof"]
[Black "Dudys, Jakub"]
[Result "0-1"]
[WhiteElo "1878"]
[BlackElo "2144"]
[PlyCount "136"]
[EventDate "2014.09.06"]
[EventType "team-swiss"]
[EventRounds "9"]
[EventCountry "POL"]
[SourceTitle "EXT 2015"]
[Source "ChessBase"]
[SourceDate "2014.11.20"]
[SourceVersion "1"]
[SourceVersionDate "2014.11.20"]
[SourceQuality "1"]
[WhiteTeam "Drogowiec"]
[BlackTeam "Gliwice Politechnika Slaska"]
[WhiteTeamCountry "POL"]
[BlackTeamCountry "POL"]

1. e4 c5 2. Nf3 e6 3. c4 Nc6 4. d4 cxd4 5. Nxd4 Nf6 6. Nc3 Bb4 7. Nxc6 bxc6 8. Qb3 Rb8 9. Bf4 d6 10. 0-0-0 Qc7 11. Nb5 cxb5 12. Qxb4 e5 13. Be3 Nxe4 14. c5 Nxc5 15. Bxb5+ Ke7 16. Bxc5 Qxc5+ 17. Qxc5 dxc5 18. Bd3 Rb4 19. Rhe1 f6 20. g3 g5 21. a3 Rd4 22. Bc2 h5 23. Re3 Bg4 24. f3 Be6 25. Bb3 Rhd8 26. Rde1 Bf5 27. R1e2 Kd6 28. Bc2 Be6 29. Bb3 c4 30. Bc2 Kc5 31. Rc3 Kb5 32. Rce3 a5 33. Rc3 Bd5 34. Rce3 Rd7 35. Rc3 Rd6 36. Rce3 Rd8 37. Rc3 g4 38. fxg4 hxg4 39. Rf2 Bf3 40. h4 e4 41. h5 f5 42. h6 R4d6 43. Rh2 Rh8 44. Rh5 Rf6 45. h7 Rf7 46. Kd2 Rhxh7 47. Rxh7 Rxh7 48. Ke3 Rc7 49. b3 Rc5 50. Kd4 Be2 51. Bb1 Rc6 52. Ke5 Bd3 53. bxc4+ Bxc4 54. Re3 Rc5+ 55. Kf4 Bf7 56. Re1 Ka4 57. Re3 Bb3 58. Bxe4 fxe4 59. Rxe4+ Rc4 60. Rxc4+ Bxc4 61. Kxg4 Kxa3 62. Kf5 Kb2 63. g4 a4 64. g5 a3 65. g6 Bd3+ 66. Kf6 Bxg6 67. Kxg6 a2 68. Kf6 a1Q 0-1

[Event "POL-chT2"]
[Site "Poronin"]
[Date "2013.09.12"]
[Round "6.28"]
[White "Kornasiewicz, Stanislaw"]
[Black "Dudys, Jakub"]
[Result "0-1"]
[WhiteElo "2153"]
[BlackElo "2154"]
[PlyCount "164"]
[EventDate "2013.09.06"]
[EventType "team-swiss"]
[EventRounds "9"]
[EventCountry "POL"]
[SourceTitle "EXT 2015"]
[Source "ChessBase"]
[SourceDate "2014.11.20"]
[SourceVersion "1"]
[SourceVersionDate "2014.11.20"]
[SourceQuality "1"]
[WhiteTeam "Czerwionka Leszczyny Skoczek"]
[BlackTeam "Gliwice Politechnika Slaska"]
[WhiteTeamCountry "POL"]
[BlackTeamCountry "POL"]

1. e4 c5 2. c3 d5 3. exd5 Qxd5 4. d4 Nc6 5. Nf3 Bg4 6. Be2 e6 7. 0-0 Nf6 8. Be3 cxd4 9. cxd4 Be7 10. h3 Bh5 11. Nc3 Qd6 12. Nb5 Qd8 13. a3 Nd5 14. Bd2 a6 15. Nc3 0-0 16. Nxd5 Qxd5 17. Be3 Bf6 18. Rc1 Qd7 19. Ne5 Bxe5 20. Bxh5 Nxd4 21. Bxd4 Bxd4 22. Qe2 Rac8 23. Rcd1 Rc5 24. Bf3 b5 25. Be4 g6 26. Bb1 Rd8 27. Rd3 Qa7 28. Kh1 Qc7 29. Qd2 Qe5 30. Qa5 Rd6 31. Qd2 Rc8 32. Rd1 Rcd8 33. b3 Rd5 34. Re1 Qf6 35. Rf3 Qe7 36. Qa5 Qa7 37. Be4 Bb6 38. Qc3 Rd1 39. Bc2 R1d2 40. Rf1 Rxf2 41. R3xf2 Bxf2 42. a4 Bd4 43. Qf3 Rc8 44. Qe4 Qc5 45. Bd3 Rb8 46. axb5 axb5 47. Qf4 Rb7 48. Rc1 Be3 49. Rxc5 Bxf4 50. Bxb5 Kg7 51. Ba4 h5 52. Rc4 Bg3 53. Kg1 Rc7 54. Rxc7 Bxc7 55. Kf2 Kf6 56. Kf3 e5 57. b4 Ke6 58. Bb3+ Ke7 59. Ke4 f5+ 60. Kd5 e4 61. b5 h4 62. Kd4 Kf6 63. Ke3 Bb6+ 64. Ke2 Ke5 65. Bf7 g5 66. Bh5 Kf4 67. Bg6 Bc5 68. Bh7 Bd4 69. Bg6 Bg1 70. Kf1 Ba7 71. Ke2 Bb6 72. Bh7 g4 73. Bg6 g3 74. Kf1 Kg5 75. Bh7 Kf6 76. Ke2 Ke5 77. Kf1 f4 78. Bg6 f3 79. Bh5 Kf4 80. Bf7 e3 81. gxf3 g2+ 82. Kxg2 e2 0-1

[Event "POL-chT2"]
[Site "Poronin"]
[Date "2013.09.09"]
[Round "3.16"]
[White "Dudys, Jakub"]
[Black "Polok, Kacper"]
[Result "0-1"]
[WhiteElo "2154"]
[BlackElo "2153"]
[PlyCount "100"]
[EventDate "2013.09.06"]
[EventType "team-swiss"]
[EventRounds "9"]
[EventCountry "POL"]
[SourceTitle "EXT 2015"]
[Source "ChessBase"]
[SourceDate "2014.11.20"]
[SourceVersion "1"]
[SourceVersionDate "2014.11.20"]
[SourceQuality "1"]
[WhiteTeam "Gliwice Politechnika Slaska"]
[BlackTeam "Raciborz KSz Silesia"]
[WhiteTeamCountry "POL"]
[BlackTeamCountry "POL"]

1. e4 c5 2. Nf3 Nc6 3. d4 cxd4 4. Nxd4 e5 5. Nb5 d6 6. c4 Be7 7. N1c3 a6 8. Na3 f5 9. exf5 Bxf5 10. Bd3 Be6 11. 0-0 Nf6 12. Nc2 0-0 13. b3 Rc8 14. Ba3 b5 15. Nd5 Kh8 16. Nxe7 Nxe7 17. cxb5 axb5 18. Bxb5 Ne4 19. Bd3 Nc3 20. Qe1 Ned5 21. Bc4 Nf4 22. Ne3 d5 23. Bxf8 dxc4 24. Bb4 Nce2+ 25. Kh1 c3 26. g3 Qd3 27. gxf4 Qxe3 28. f3 Bd5 29. Qf2 Qxf2 30. Rxf2 Nxf4 31. Rff1 Nd3 32. Ba3 c2 33. Bc1 h6 34. Kg2 Rc6 35. h4 e4 36. fxe4 Bxe4+ 37. Kh2 Rg6 38. a4 Rg2+ 39. Kh3 g5 40. hxg5 hxg5 41. a5 Kh7 42. Ra4 g4+ 43. Kh4 Bf3 44. Kg5 Re2 45. a6 g3 46. a7 g2 47. a8Q Re5+ 48. Kf6 gxf1Q 49. Bf4 Re6+ 50. Kf5 Qh3+ 0-1

[Event "POL-chT2"]
[Site "Poronin"]
[Date "2013.09.08"]
[Round "2.28"]
[White "Konieczynski, Piotr"]
[Black "Dudys, Jakub"]
[Result "1-0"]
[WhiteElo "1961"]
[BlackElo "2154"]
[PlyCount "83"]
[EventDate "2013.09.06"]
[EventType "team-swiss"]
[EventRounds "9"]
[EventCountry "POL"]
[SourceTitle "EXT 2015"]
[Source "ChessBase"]
[SourceDate "2014.11.20"]
[SourceVersion "1"]
[SourceVersionDate "2014.11.20"]
[SourceQuality "1"]
[WhiteTeam "Znin Baszta II"]
[BlackTeam "Gliwice Politechnika Slaska"]
[WhiteTeamCountry "POL"]
[BlackTeamCountry "POL"]

1. d4 Nf6 2. c4 e6 3. Nf3 c5 4. d5 b5 5. Bg5 exd5 6. cxd5 d6 7. e4 a6 8. a4 Be7 9. Bxf6 Bxf6 10. axb5 Bxb2 11. Ra2 Bf6 12. Be2 0-0 13. 0-0 Bb7 14. Qb3 axb5 15. Rxa8 Bxa8 16. Bxb5 Bb7 17. Qa4 Qc7 18. Nbd2 Nd7 19. Nc4 Ra8 20. Qb3 Nb6 21. Nfd2 Ba6 22. Bxa6 Rxa6 23. Rb1 Nd7 24. g3 Ra7 25. Qb5 Kf8 26. f4 Ke8 27. Qc6 Be7 28. e5 Qxc6 29. dxc6 d5 30. cxd7+ Kxd7 31. Nb6+ Ke6 32. Nc8 Ra2 33. Nf3 Bd8 34. Nd6 d4 35. f5+ Kd5 36. Nxf7 Be7 37. e6 d3 38. Rb7 Bf6 39. e7 Re2 40. Rd7+ Kc6 41. N7e5+ Bxe5 42. e8Q 1-0

[Event "POL-UKR U26"]
[Site "Lublin"]
[Date "2012.11.23"]
[Round "4.2"]
[White "Barayev, Anton"]
[Black "Dudys, Jakub"]
[Result "1-0"]
[WhiteElo "2193"]
[BlackElo "2131"]
[PlyCount "73"]
[EventDate "2012.11.21"]
[EventType "team-tourn"]
[EventRounds "5"]
[EventCountry "POL"]
[SourceTitle "EXT 2014"]
[Source "ChessBase"]
[SourceDate "2013.11.20"]
[SourceVersion "1"]
[SourceVersionDate "2013.11.20"]
[SourceQuality "1"]
[WhiteTeam "Odessa Civil Engineering"]
[BlackTeam "Gliwice Politechnika Slaska"]
[WhiteTeamCountry "UKR"]
[BlackTeamCountry "POL"]

1. d4 Nf6 2. Bg5 Ne4 3. Bf4 d5 4. e3 c5 5. Bd3 cxd4 6. exd4 Qb6 7. Nc3 Nxc3 8. bxc3 Nc6 9. Ne2 g6 10. Rb1 Qd8 11. c4 Bg7 12. Be3 0-0 13. 0-0 dxc4 14. Bxc4 Na5 15. Bd3 Be6 16. Nf4 Bxa2 17. Ra1 Bd5 18. Nxd5 Qxd5 19. Qe2 Rfc8 20. Ra4 Nc6 21. Rd1 Qd7 22. c3 a6 23. Qa2 e6 24. Be4 Ne7 25. c4 Rab8 26. d5 exd5 27. cxd5 Qd6 28. g3 Nc6 29. Rb1 Ne5 30. Ba7 Ra8 31. Rxb7 f5 32. Rxa6 Rc1+ 33. Kg2 Qd8 34. Be3 Rxa6 35. Qxa6 Rd1 36. Qe6+ Kh8 37. Re7 1-0

[Event "POL-UKR U26"]
[Site "Lublin"]
[Date "2012.11.22"]
[Round "3.2"]
[White "Dudys, Jakub"]
[Black "Tkachenko, Dmitri"]
[Result "1-0"]
[WhiteElo "2131"]
[BlackElo "2272"]
[PlyCount "59"]
[EventDate "2012.11.21"]
[EventType "team-tourn"]
[EventRounds "5"]
[EventCountry "POL"]
[SourceTitle "CBM 151 Extra"]
[Source "ChessBase"]
[SourceDate "2012.12.18"]
[SourceVersion "1"]
[SourceVersionDate "2012.12.18"]
[SourceQuality "1"]
[WhiteTeam "Gliwice Politechnika Slaska"]
[BlackTeam "Donetsk National Univ"]
[WhiteTeamCountry "POL"]
[BlackTeamCountry "UKR"]

1. e4 e6 2. d4 d5 3. exd5 exd5 4. Nf3 Bd6 5. c4 Ne7 6. c5 Bxc5 7. dxc5 c6 8. Nc3 Bg4 9. h3 Bh5 10. Be2 Nd7 11. Be3 Nf5 12. Bd4 0-0 13. 0-0 Bxf3 14. Bxf3 Qh4 15. Bg4 Nxd4 16. Qxd4 f5 17. g3 Qh6 18. Bf3 Qxh3 19. Rae1 Rf7 20. Nxd5 cxd5 21. Bxd5 Nf6 22. Bxf7+ Kxf7 23. Qd6 Kg6 24. Re7 h5 25. Rxb7 h4 26. gxh4 Rd8 27. Qg3+ Qxg3+ 28. fxg3 Ne4 29. c6 Rd2 30. Rc1 1-0

[Event "POL-UKR U26"]
[Site "Lublin"]
[Date "2012.11.22"]
[Round "2.2"]
[White "Mazurchak, Bogdan"]
[Black "Dudys, Jakub"]
[Result "0-1"]
[WhiteElo "2213"]
[BlackElo "2131"]
[PlyCount "76"]
[EventDate "2012.11.21"]
[EventType "team-tourn"]
[EventRounds "5"]
[EventCountry "POL"]
[SourceTitle "CBM 151 Extra"]
[Source "ChessBase"]
[SourceDate "2012.12.18"]
[SourceVersion "1"]
[SourceVersionDate "2012.12.18"]
[SourceQuality "1"]
[WhiteTeam "Ternopol Economic Univ"]
[BlackTeam "Gliwice Politechnika Slaska"]
[WhiteTeamCountry "UKR"]
[BlackTeamCountry "POL"]

1. e4 d5 2. exd5 Qxd5 3. Nc3 Qd6 4. d4 Nf6 5. Nf3 a6 6. Bc4 b5 7. Bb3 Bb7 8. 0-0 e6 9. Qe2 Be7 10. Bg5 Nbd7 11. Rad1 c5 12. dxc5 Qxc5 13. Bxf6 Nxf6 14. Ne5 0-0 15. Rd3 Rfd8 16. Re3 Nd5 17. Nxd5 Bxd5 18. Qh5 g6 19. Qh6 Bxb3 20. axb3 Bf6 21. Nxf7 Rf8 22. b4 Qe7 23. Ne5 Bg5 24. Nxg6 Qf6 25. Qh3 hxg6 26. Rxe6 Qf7 27. Qg4 Bf6 28. c3 Rad8 29. Rxa6 Rd2 30. Rb6 Rxb2 31. Qf3 Bxc3 32. Qxf7+ Rxf7 33. Rxb5 Rfxf2 34. Rd1 Rxg2+ 35. Kh1 Rxh2+ 36. Kg1 Kg7 37. Rb7+ Kh6 38. b5 Kg5 0-1

[Event "POL-chT 1st League"]
[Site "Poronin"]
[Date "2012.09.??"]
[Round "8"]
[White "Stankiewicz, Pawel"]
[Black "Dudys, Jakub"]
[Result "1/2-1/2"]
[WhiteElo "2105"]
[BlackElo "2140"]
[PlyCount "83"]
[EventDate "2012.09.01"]
[EventType "team-tourn"]
[EventRounds "9"]
[EventCountry "POL"]
[SourceTitle "EXT 2013"]
[Source "ChessBase"]
[SourceDate "2012.11.22"]
[SourceVersion "1"]
[SourceVersionDate "2012.11.22"]
[SourceQuality "1"]
[WhiteTeam "Wroclaw Polonia"]
[BlackTeam "Gliwice Politechnika Slaska"]
[WhiteTeamCountry "POL"]
[BlackTeamCountry "POL"]

1. e4 c5 2. Nf3 e6 3. d4 cxd4 4. Nxd4 a6 5. Nc3 Qc7 6. Bd3 Nc6 7. Be3 Nf6 8. 0-0 Ne5 9. h3 Bc5 10. Qe2 d6 11. f4 Ng6 12. Nb3 Bxe3+ 13. Qxe3 0-0 14. Rae1 b5 15. e5 Nd7 16. exd6 Qxd6 17. Ne4 Qc7 18. Nd4 Bb7 19. Ng5 Nf6 20. f5 exf5 21. Nxf5 Rfe8 22. Qf2 Rxe1 23. Rxe1 h6 24. Nf3 Rd8 25. N3d4 Nd5 26. Be4 Ndf4 27. Bxb7 Qxb7 28. Ne7+ Nxe7 29. Qxf4 Ng6 30. Qe4 Qb6 31. c3 b4 32. Qc6 Qxc6 33. Nxc6 Rd2 34. cxb4 Nf4 35. Rf1 Nd3 36. Rb1 Nf4 37. Rf1 Ne2+ 38. Kh2 Rxb2 39. a3 Rb3 40. a4 g5 41. Rf3 Rxf3 42. gxf3 1/2-1/2

[Event "CZE-chT2F 1112"]
[Site "Czech Republic"]
[Date "2012.02.05"]
[Round "7.23"]
[White "Dudys, Jakub"]
[Black "Rakus, Pavel"]
[Result "1/2-1/2"]
[WhiteElo "2185"]
[BlackElo "2141"]
[PlyCount "95"]
[EventDate "2011.10.09"]
[EventType "team-tourn"]
[EventRounds "11"]
[EventCountry "CZE"]
[SourceTitle "EXT 2013"]
[Source "ChessBase"]
[SourceDate "2012.11.22"]
[SourceVersion "1"]
[SourceVersionDate "2012.11.22"]
[SourceQuality "1"]
[WhiteTeam "Trinec II"]
[BlackTeam "Dolni Benesov"]
[WhiteTeamCountry "CZE"]
[BlackTeamCountry "CZE"]

1. e4 c5 2. Nf3 Nc6 3. d4 cxd4 4. Nxd4 Nf6 5. Nc3 e5 6. Ndb5 d6 7. a4 Be6 8. Bg5 Rc8 9. Nd5 a6 10. Nbc3 Be7 11. Bxf6 Bxf6 12. Be2 Nd4 13. Bd3 Bg5 14. 0-0 0-0 15. Ra3 g6 16. a5 f5 17. Nb6 Rc7 18. Ncd5 Rg7 19. f3 Nc6 20. b4 Kh8 21. Bc4 Qe8 22. b5 axb5 23. Bxb5 Rgf7 24. exf5 gxf5 25. a6 bxa6 26. Rxa6 Rg7 27. Nc4 Bxd5 28. Qxd5 Nb4 29. Qxd6 Qxb5 30. Qxf8+ Rg8 31. Qd6 Nxa6 32. h4 Qxc4 33. Qxe5+ Rg7 34. hxg5 Qc5+ 35. Qxc5 Nxc5 36. f4 Ne4 37. Re1 Re7 38. c4 Re6 39. Rd1 Kg7 40. Rd5 Rc6 41. Rxf5 Rxc4 42. Kh2 Kg6 43. Ra5 Kh5 44. Ra7 Kg4 45. Rxh7 Ng3 46. Rh3 Nf1+ 47. Kg1 Ng3 48. Kh2 1/2-1/2

[Event "CZE-chT2F 1112"]
[Site "Czech Republic"]
[Date "2011.11.06"]
[Round "2.5"]
[White "Muzik, Martin"]
[Black "Dudys, Jakub"]
[Result "1-0"]
[WhiteElo "2132"]
[BlackElo "2185"]
[PlyCount "37"]
[EventDate "2011.10.09"]
[EventType "team-tourn"]
[EventRounds "11"]
[EventCountry "CZE"]
[SourceTitle "EXT 2013"]
[Source "ChessBase"]
[SourceDate "2012.11.22"]
[SourceVersion "1"]
[SourceVersionDate "2012.11.22"]
[SourceQuality "1"]
[WhiteTeam "Opava KVS"]
[BlackTeam "Trinec II"]
[WhiteTeamCountry "CZE"]
[BlackTeamCountry "CZE"]

1. e4 c5 2. c3 d5 3. exd5 Qxd5 4. d4 Nf6 5. Nf3 Bg4 6. Be2 cxd4 7. cxd4 Nc6 8. h3 Bh5 9. Nc3 Qd6 10. d5 Bxf3 11. Bxf3 Ne5 12. 0-0 a6 13. Bf4 g6 14. Bxe5 Qxe5 15. d6 Qxd6 16. Bxb7 Ra7 17. Qa4+ Nd7 18. Rad1 Qc7 19. Rxd7 1-0

[Event "POL-chT 2nd League"]
[Site "Mrzezyno"]
[Date "2011.09.09"]
[Round "7.46"]
[White "Dudys, Jakub"]
[Black "Duszczak, Dariusz"]
[Result "1-0"]
[WhiteElo "2185"]
[BlackElo "2039"]
[PlyCount "70"]
[EventDate "2011.09.03"]
[EventType "team-swiss"]
[EventRounds "9"]
[EventCountry "POL"]
[SourceTitle "EXT 2015"]
[Source "ChessBase"]
[SourceDate "2014.11.20"]
[SourceVersion "1"]
[SourceVersionDate "2014.11.20"]
[SourceQuality "1"]
[WhiteTeam "Gliwice Politechnika Slaska"]
[BlackTeam "Kornik MUKS Wieza Kornicka"]
[WhiteTeamCountry "POL"]
[BlackTeamCountry "POL"]

1. e4 c5 2. Nf3 e6 3. c4 Nc6 4. Nc3 Nf6 5. Be2 Qb6 6. 0-0 Be7 7. Rb1 0-0 8. d3 d6 9. a3 a5 10. Be3 Nd4 11. b4 Nxf3+ 12. Bxf3 Qc7 13. Nb5 Qb8 14. e5 dxe5 15. bxc5 Ra6 16. Nc3 Qc7 17. Rb5 Nd7 18. Na4 f5 19. Qb3 f4 20. Bd2 Nxc5 21. Nxc5 Bxc5 22. Bxb7 Ra7 23. Bxc8 Rxc8 24. Re1 Rf8 25. Bc3 f3 26. Bxe5 Bxf2+ 27. Kxf2 fxg2+ 28. Kxg2 Qf7 29. Qc2 Qf3+ 30. Kg1 Raf7 31. Qe2 Qh3 32. Bg3 Rf6 33. Rh5 Rf1+ 34. Rxf1 Rxf1+ 35. Qxf1 Qxh5 1-0

[Event "POL-chT 2nd League"]
[Site "Mrzezyno"]
[Date "2011.09.08"]
[Round "6.34"]
[White "Cichy, Kamil"]
[Black "Dudys, Jakub"]
[Result "1-0"]
[WhiteElo "1946"]
[BlackElo "2185"]
[PlyCount "67"]
[EventDate "2011.09.03"]
[EventType "team-swiss"]
[EventRounds "9"]
[EventCountry "POL"]
[SourceTitle "EXT 2015"]
[Source "ChessBase"]
[SourceDate "2014.11.20"]
[SourceVersion "1"]
[SourceVersionDate "2014.11.20"]
[SourceQuality "1"]
[WhiteTeam "Rybnik MKSz"]
[BlackTeam "Gliwice Politechnika Slaska"]
[WhiteTeamCountry "POL"]
[BlackTeamCountry "POL"]

1. e4 c5 2. Nf3 e6 3. c4 Nc6 4. Nc3 Nge7 5. Be2 Nd4 6. Nxd4 cxd4 7. Nb1 Nc6 8. d3 d5 9. 0-0 dxc4 10. dxc4 b6 11. Bd3 Bb7 12. f4 Bc5 13. a3 a5 14. Qg4 0-0 15. Nd2 e5 16. f5 Be7 17. Rf3 Bg5 18. Nf1 Bxc1 19. Rxc1 f6 20. Rh3 Ba6 21. Bb1 Kh8 22. Ba2 h6 23. Ng3 Qe7 24. Nh5 Ra7 25. c5 bxc5 26. Bd5 Nd8 27. Qg6 Qe8 28. Qg4 d3 29. Rxc5 Qe7 30. Rc1 Rc7 31. Rd1 Rc2 32. Qg6 Rf7 33. Nxg7 Rxg2+ 34. Kxg2 1-0

[Event "CZE-chT2F 1011"]
[Site "Czech Republic"]
[Date "2011.03.06"]
[Round "9.2"]
[White "Dudys, Jakub"]
[Black "Pacl, Vaclav"]
[Result "0-1"]
[WhiteElo "2164"]
[BlackElo "2268"]
[PlyCount "82"]
[EventDate "2010.10.17"]
[EventType "team-tourn"]
[EventRounds "11"]
[EventCountry "CZE"]
[SourceTitle "EXT 2012"]
[Source "ChessBase"]
[SourceDate "2011.11.24"]
[SourceVersion "1"]
[SourceVersionDate "2011.11.24"]
[SourceQuality "1"]
[WhiteTeam "Trinec III"]
[BlackTeam "Ostrava Labortech II"]
[WhiteTeamCountry "CZE"]
[BlackTeamCountry "CZE"]

1. e4 Nf6 2. e5 Nd5 3. d4 d6 4. c4 Nb6 5. exd6 exd6 6. Nf3 Be7 7. Be2 0-0 8. 0-0 Bf6 9. Nc3 Bf5 10. a3 Nc6 11. b4 a6 12. Bb2 d5 13. cxd5 Ne7 14. Ne5 Nexd5 15. Bf3 c6 16. Ne4 Be7 17. Nc5 Qc7 18. Re1 Rad8 19. Qb3 Nc8 20. Rac1 Bg5 21. Rcd1 Nce7 22. g3 Ng6 23. h4 Be7 24. h5 Nh8 25. Bc1 Rfe8 26. g4 Bc8 27. g5 b6 28. Ncd3 Be6 29. Qc2 Rc8 30. Nf4 Nxf4 31. Bxf4 Bd6 32. g6 hxg6 33. hxg6 Nxg6 34. Nxg6 Bxf4 35. Nxf4 Qxf4 36. Bg2 Bd5 37. Rxe8+ Rxe8 38. Bxd5 cxd5 39. Qd2 Qg4+ 40. Kf1 Qh3+ 41. Kg1 Re6 0-1

[Event "CZE-chT2F 1011"]
[Site "Czech Republic"]
[Date "2010.12.05"]
[Round "4.2"]
[White "Dudys, Jakub"]
[Black "Vesely, Libor"]
[Result "0-1"]
[WhiteElo "2164"]
[BlackElo "2174"]
[PlyCount "53"]
[EventDate "2010.10.17"]
[EventType "team-tourn"]
[EventRounds "11"]
[EventCountry "CZE"]
[SourceTitle "EXT 2012"]
[Source "ChessBase"]
[SourceDate "2011.11.24"]
[SourceVersion "1"]
[SourceVersionDate "2011.11.24"]
[SourceQuality "1"]
[WhiteTeam "Trinec III"]
[BlackTeam "Poruba VOKD"]
[WhiteTeamCountry "CZE"]
[BlackTeamCountry "CZE"]

1. e4 c5 2. Nf3 d6 3. d4 cxd4 4. Qxd4 Nc6 5. Bb5 Bd7 6. Bxc6 Bxc6 7. Nc3 Nf6 8. Bg5 Qb6 9. Qxb6 axb6 10. Bxf6 gxf6 11. Nd4 e6 12. 0-0 0-0-0 13. f4 Rg8 14. Rad1 f5 15. Nxc6 bxc6 16. exf5 exf5 17. Ne2 Bg7 18. c3 Kd7 19. Ng3 Ke6 20. Nh5 Bh6 21. Rfe1+ Kd7 22. Nf6+ Kc8 23. Nxg8 Rxg8 24. Rxd6 Rg6 25. Re8+ Kc7 26. Rxg6 fxg6 27. g3 0-1

[Event "POL-chT U19 40th"]
[Site "Chotowa"]
[Date "2009.07.??"]
[Round "5"]
[White "Kanarek, Marcel"]
[Black "Dudys, Jakub"]
[Result "1-0"]
[WhiteElo "2422"]
[BlackElo "2137"]
[PlyCount "83"]
[EventDate "2009.07.06"]
[EventType "team-tourn"]
[EventRounds "9"]
[EventCountry "POL"]
[SourceTitle "EXT 2012"]
[Source "ChessBase"]
[SourceDate "2011.11.24"]
[SourceVersion "1"]
[SourceVersionDate "2011.11.24"]
[SourceQuality "1"]
[WhiteTeam "Koszalin Hetman Politechnika U19"]
[BlackTeam "Gliwice Politechnika Slaska U19"]
[WhiteTeamCountry "POL"]
[BlackTeamCountry "POL"]

1. e4 c5 2. Nf3 e6 3. d4 cxd4 4. Nxd4 a6 5. Bd3 Bc5 6. Nb3 Be7 7. Be3 d6 8. N1d2 Nf6 9. Qe2 Nbd7 10. f4 Qc7 11. g4 Nc5 12. Nxc5 dxc5 13. g5 Nd7 14. e5 b6 15. Be4 Bb7 16. Qf3 0-0-0 17. 0-0-0 g6 18. h4 h5 19. gxh6 Rxh6 20. f5 Rxh4 21. f6 Rxh1 22. fxe7 Rxd1+ 23. Kxd1 Bxe4 24. exd8Q+ Kxd8 25. Bg5+ Kc8 26. Qxe4 Qxe5 27. Qc6+ Qc7 28. Qa8+ Nb8 29. Qf3 f5 30. c3 Qd7 31. Kc1 b5 32. Nb3 Qd6 33. Be3 c4 34. Nc5 Nc6 35. Nxa6 e5 36. Qh1 f4 37. Bc5 Qd7 38. Bb6 Qe8 39. Nc5 g5 40. Qh7 Qe7 41. Qg8+ Nd8 42. Qd5 1-0

[Event "POL-ch U18"]
[Site "Chotowa"]
[Date "2009.04.02"]
[Round "8"]
[White "Dudys, Jakub"]
[Black "Tofil, Borys"]
[Result "1-0"]
[WhiteElo "2098"]
[BlackElo "2125"]
[PlyCount "66"]
[EventDate "2009.03.28"]
[EventType "swiss"]
[EventRounds "11"]
[EventCountry "POL"]
[SourceTitle "EXT 2011"]
[Source "ChessBase"]
[SourceDate "2010.11.26"]
[SourceVersion "1"]
[SourceVersionDate "2010.11.26"]
[SourceQuality "1"]

1. e4 g6 2. d4 Bg7 3. Nc3 d6 4. f4 a6 5. Nf3 b5 6. Be3 Bb7 7. Bd3 Nd7 8. a4 b4 9. Nb1 c5 10. c3 Ngf6 11. Nbd2 0-0 12. h3 Rc8 13. cxb4 cxd4 14. Bxd4 e5 15. fxe5 Nxe5 16. Bxe5 dxe5 17. Qb3 Qb6 18. Nc4 Rxc4 19. Bxc4 Nxe4 20. Rf1 Nd6 21. a5 Qa7 22. Bd5 Bxd5 23. Qxd5 Qe3+ 24. Kd1 Nf5 25. Re1 Qa7 26. Qd2 Qb7 27. g4 Qa8 28. Ke2 e4 29. gxf5 exf3+ 30. Kf1 Rd8 31. Qe3 Bd4 32. Qe4 f2 33. Re2 Qb8 1-0

[Event "Kolobrzeg op"]
[Site "Kolobrzeg"]
[Date "2008.08.23"]
[Round "6"]
[White "Bukowska, Katarzyna"]
[Black "Dudys, Jakub"]
[Result "0-1"]
[WhiteElo "2040"]
[BlackElo "2189"]
[PlyCount "80"]
[EventDate "2008.08.18"]
[EventType "swiss"]
[EventRounds "9"]
[EventCountry "POL"]
[SourceTitle "CBM 126 Extra"]
[Source "ChessBase"]
[SourceDate "2008.11.05"]
[SourceVersion "1"]
[SourceVersionDate "2008.11.05"]
[SourceQuality "1"]

1. e4 d5 2. exd5 Qxd5 3. Nc3 Qd6 4. Nf3 Nf6 5. d4 a6 6. Bd3 Nc6 7. Ne4 Nxe4 8. Bxe4 Bg4 9. 0-0 0-0-0 10. c3 Be6 11. Qc2 g6 12. b3 Bg7 13. Bb2 f5 14. Bxc6 Qxc6 15. Qe2 Bd5 16. Rfe1 Bxf3 17. Qxf3 Qxf3 18. gxf3 Rhe8 19. Re6 Rd6 20. Rae1 Rxe6 21. Rxe6 Kd7 22. Re3 e5 23. d5 e4 24. fxe4 Rxe4 25. Rh3 Re1+ 26. Kg2 h6 27. Ba3 Re2 28. Bb4 f4 29. a4 g5 30. Kf3 Rb2 31. Kg4 Rxf2 32. Kf5 Rg2 33. Kg6 g4 34. Rh5 a5 35. Bxa5 g3 36. hxg3 Rxg3+ 37. Kf7 b6 38. Bb4 Bxc3 39. Bf8 Rg5 40. Rxh6 f3 0-1